Štartová listina nabitá špičkovými plavcami

Bibliographic Details
Other Authors: Bartečková, Katarína (Photographer)
Format: Article
Language:Slovak
Subjects:

MARC

LEADER 00000nab a2200000 a 4500
001 vtls009484776
003 SK-MaSNL
005 20260303053111.0
008 171109c2009 xo wr per 000 0 slo
038 |a PPPK 
040 |a PPPKCL  |b slo  |c PPPK  |e AACR2 
041 0 |a slo 
044 |a xo  |c SK 
080 |a 797.2.093  |2 2001 
245 0 0 |a Štartová listina nabitá špičkovými plavcami  |c [autor] (ttk) ; foto Katarína Bartečková 
300 |b Fotogr. 
611 2 7 |a Cena Popradu v plávaní  |g súťaž  |n (14. :  |d 2009 :  |c Poprad, Slovensko)  |2 pppkcl  |9 1045140 
611 2 7 |a Memoriál Filipa Lutza  |g sútaž  |n (2. :  |d 2009 :  |c Poprad, Slovensko)  |2 pppkcl  |9 1045182 
650 0 7 |a šport  |2 snkbucl  |9 1042 
650 0 7 |a plávanie  |2 pppkcl  |9 3241 
650 0 7 |a plavecké preteky  |2 pppkcl  |9 30008 
651 7 |a Poprad (Slovensko)  |2 pppkcl  |9 20155 
700 1 |a Bartečková, Katarína  |4 pht  |9 1033341 
773 0 |t Poprad : noviny občanov mesta  |g Roč. XX, č. 10 (2009), s. 8 
852 |a PPPK  |b KIS3GCP 
999 |c 1717841  |d 1719771